| 000 | 00547nam a2200205 i 4500 | ||
|---|---|---|---|
| 001 | bg | ||
| 100 | 1 | _aGRINOLS, Earl L. | |
| 245 | 1 | 0 |
_aMicroeconomics / _cEarl L. Grinols. |
| 260 |
_aBoston [et al.] : _bHoughton Mifflin, _ccop. 1994. |
||
| 300 |
_aXXXII, 711 s. : _brys., wykr. ; _c24 cm. |
||
| 504 | _aSumm. przy rozdz. - Index. | ||
| 650 | 9 | _aMikroekonomia | |
| 020 | _a0395539986 | ||
| 040 | _cBPK | ||
| 041 | 0 |
_aen _ben |
|
| 080 | _a330.101.542 | ||
| 920 | _a0-395-53998-6 | ||
| 942 | _cKS | ||
| 008 | s pl f |000 0 pol | ||
| 999 |
_c32754 _d32754 |
||
| 856 |
_uhttp://koha.tu.koszalin.pl/cgi-bin/koha/opac-detail.pl?biblionumber=32754 _yKatalog online BPK |
||